Java companion for beginners : (object-oriented programming explained)
Guardat en:
| Autor principal: | |
|---|---|
| Format: | Llibre |
| Idioma: | anglès |
| Publicat: |
Ibadan University Press
|
| Etiquetes: |
Afegir etiqueta
Sense etiquetes, Sigues el primer a etiquetar aquest registre!
|
MARC
| LEADER | 00000nam a22000007a 4500 | ||
|---|---|---|---|
| 008 | 240124b |||||||| |||| 00| 0 eng d | ||
| 020 | |a 9789785912294 | ||
| 100 | |a AKINOLA, Solomon Olalekan | ||
| 245 | |a Java companion for beginners |b : (object-oriented programming explained) |c /Solomon Olalekan Akinola |g xiii, 671p | ||
| 260 | |b Ibadan University Press |h Ibadan ,Nigeria |i 702112 |i 702113 |i 702114 |i 702115 |l QA76.6.Ak5 |m Computer programming |m Computer programs |m C++ (computer program language) |m HTML (Document markup language) | ||
| 500 | |a it includes index | ||
| 942 | |a lcc |c BK |e Johnson |f 24/01/24 | ||
| 952 | |0 0 |1 0 |2 lcc |4 0 |6 QA00766 A K5 |7 0 |9 4806 |a TL |b HOL |c QZ |d 2024-01-24 |l 0 |o QA76.6.Ak5 |p 2024-0059 |r 2024-01-24 00:00:00 |t 702112 |w 2024-01-24 |y BK | ||
| 952 | |0 0 |1 0 |2 lcc |4 0 |6 QA00766 A K5 |7 0 |9 4807 |a TL |b HOL |c QZ |d 2024-01-24 |l 0 |o QA76.6.Ak5 |p 2024-0060 |r 2024-01-24 00:00:00 |t 702113 |w 2024-01-24 |y BK | ||
| 952 | |0 0 |1 0 |2 lcc |4 0 |6 QA00766 A K5 |7 0 |9 4808 |a HOL |b HOL |c QZ |d 2024-01-24 |l 0 |o QA76.6.Ak5 |p 2024-0061 |r 2024-01-24 00:00:00 |t 702114 |w 2024-01-24 |y BK | ||
| 952 | |0 0 |1 0 |2 lcc |4 0 |6 QA00766 A K5 |7 0 |9 4809 |a HOL |b HOL |c QZ |d 2024-01-24 |l 0 |o QA76.6.Ak5 |p 2024-0062 |r 2024-01-24 00:00:00 |t 702115 |w 2024-01-24 |y BK | ||
| 999 | |c 2402 |d 2402 | ||